Dočasné pridelenie zamestnanca

Zmeny, ktoré nastali v novelizovanom Zákonníku práce, ktorý vstúpil do platnosti od 1. marca 2015 a dotýkajú sa najmä ustanovení o dočasnom pridelení zamestnanca (tzv. personálny lízing).

Salvato in:
Dettagli Bibliografici
Autore principale: Meluchová, Jitka, 1965-
Natura: Capitolo di libro
Lingua:slovacco
Soggetti:
Tags: Aggiungi Tag
Nessun Tag, puoi essere il primo ad aggiungerne!!

MARC

LEADER 00000naa a2200000 4500
001 0200871
005 20240502073408.9
041 0 |a slo 
044 |a SK 
245 1 0 |a Dočasné pridelenie zamestnanca  |c Jitka Meluchová 
520 |a Zmeny, ktoré nastali v novelizovanom Zákonníku práce, ktorý vstúpil do platnosti od 1. marca 2015 a dotýkajú sa najmä ustanovení o dočasnom pridelení zamestnanca (tzv. personálny lízing). 
610 2 0 |a novelizácia 
610 2 0 |a Slovensko 
610 2 0 |a zákonník práce 
610 2 0 |a zamestnanci 
610 2 0 |a zamestnávatelia 
610 2 0 |a právo pracovné 
100 1 |a Meluchová, Jitka, 1965-